书目信息 |
| 题名: |
现代无缝钢管生产技术
|
|
| 作者: | 双远华 主编 | |
| 分册: | ||
| 出版信息: | 北京 化学工业出版社 2008.01 |
|
| 页数: | 268页 | |
| 开本: | 24cm | |
| 丛书名: | 现代轧制技术丛书 | |
| 单 册: | ||
| 中图分类: | TG335.71 | |
| 科图分类: | ||
| 主题词: | 无缝钢管--wu feng gang guan--生产工艺--轧制 | |
| 电子资源: | ||
| ISBN: | 978-7-122-01112-1 | |
| 000 | 00923nam 2200265 450 | |
| 001 | 012009531374 | |
| 005 | 20090505113420.84 | |
| 010 | @a978-7-122-01112-1@dCNY36.00 | |
| 100 | @a20090505d2008 em y0chi0120 ea | |
| 101 | 0 | @achi |
| 102 | @aCN@b110000 | |
| 105 | @aa a 000yy | |
| 106 | @ar | |
| 200 | 1 | @a现代无缝钢管生产技术@Axian dai wu feng gang guan sheng chan ji shu@f双远华主编@Fshuang yuan hua zhu bian |
| 210 | @a北京@c化学工业出版社@d2008.01 | |
| 215 | @a268页@d24cm | |
| 225 | 2 | @a现代轧制技术丛书@Axian dai zha zhi ji shu cong shu |
| 320 | @a有书目 (第268页) | |
| 330 | @a本书全面介绍了无缝钢管生产的各种工艺及其基本理论和生产中的有关变形和参数的计算方法。 | |
| 410 | 0 | @12001 @a现代轧制技术丛书 |
| 606 | 0 | @a无缝钢管@Awu feng gang guan@x生产工艺@x轧制 |
| 690 | @aTG335.71@v4 | |
| 701 | 0 | @a双远华@Ashuang yuan hua@4主编 |
| 801 | 0 | @aCN@bQSSK@c20090505 |
| 905 | @b740539-41@dTG335.71@eS667@f3 | |
| 现代无缝钢管生产技术/双远华主编.-北京:化学工业出版社,2008.01 |
| 268页;24cm.-(现代轧制技术丛书) |
| ISBN 978-7-122-01112-1:CNY36.00 |
| 本书全面介绍了无缝钢管生产的各种工艺及其基本理论和生产中的有关变形和参数的计算方法。 |
| ● |
| 相关链接 |
|
|
|
正题名:现代无缝钢管生产技术
索取号:TG335.71/S667
 
预约/预借
| 序号 | 登录号 | 条形码 | 馆藏地/架位号 | 状态 | 备注 |
| 1 | 740539 | 207405397 | 自科库501/501自科库 26排1列4层/ [索取号:TG335.71/S667] | 在馆 | |
| 2 | 740540 | 207405404 | 自科库501/501自科库 26排1列4层/ [索取号:TG335.71/S667] | 在馆 | |
| 3 | 740541 | 207405413 | 自科二线400A/400A自科库 27排2列2层/ [索取号:TG335.71/S667] | 在馆 |